Návrh udržateľných opatrení na zlepšenie procesu riadenia personálneho marketingu a získavania nových pracovníkov v spoločnosti VOLKSWAGEN SLOVAKIA, a.s.

Gespeichert in:
Bibliographische Detailangaben
1. Verfasser: Tomašovič, Tomáš (Verfasst von)
Weitere Verfasser: Matejov, Ľubomír (Betreuung Doktorarbeit)
Format: Manuskript Buch
Sprache:Slowakisch
Veröffentlicht: 2017
Schlagworte:
Online-Zugang:http://is.stuba.sk/zp/portal_zp.pl?podrobnosti=114992
Tags: Tag hinzufügen
Keine Tags, Fügen Sie das erste Tag hinzu!

MARC

LEADER 00000ntm a22000003a 4500
001 stuzp62681
003 SK-STU
005 20170624211727.6
007 ta
008 150427s2015----xo-----f-mn---000-0-slo-d
040 |a STU  |b slo 
041 0 |a slo 
100 1 |a Tomašovič, Tomáš  |u 064000  |4 aut  |U MTF Materiálovotechnologická fakulta  |T MTF Ústav priemyselného inžinierstva a manažmentu  |X 73343  |U M4000  |Y 84  |7 73343 
242 0 1 |a Presentation of sustainable precautions for improving the managing process of personal marketing and acquiring new personnel in Volkswagen Slovakia  |y eng 
245 1 0 |a Návrh udržateľných opatrení na zlepšenie procesu riadenia personálneho marketingu a získavania nových pracovníkov v spoločnosti VOLKSWAGEN SLOVAKIA, a.s. 
260 |c 2017 
650 4 |a nábor zamestnancov  |2 slo 
650 4 |a personálny marketing  |2 slo 
650 4 |a Volkswagen Slovakia  |2 slo 
650 4 |a Personal management  |2 eng 
650 4 |a HR marketing  |2 eng 
650 4 |a recruitment process  |2 eng 
650 4 |a recruitment  |2 eng 
700 1 |a Matejov, Ľubomír  |u 064000  |k Z3  |4 ths  |U MTF Materiálovotechnologická fakulta  |T MTF Ústav priemyselného inžinierstva a manažmentu  |X 44660  |U M4000  |Y 84  |7 A000044660 
856 4 |u http://is.stuba.sk/zp/portal_zp.pl?podrobnosti=114992 
996 |c M* BP-7992  |l MMSKP  |s P  |a 0  |w stuzp62681_0001